| 000 | 01155cam a2200325 a 4500 | ||
|---|---|---|---|
| 003 | CHAP | ||
| 005 | 20220329142635.0 | ||
| 008 | 020729d1995 us b r 10100 eng d | ||
| 010 | _a85988 | ||
| 011 | _a86960 | ||
| 035 | _a97501 | ||
| 040 | _cCHAP | ||
| 082 | 0 | 4 |
_a598 _bS5 |
| 111 | 0 | 0 |
_aSimposio - taller, conservación de las migratorias neotropicales en México : México - U.S.- Canada, _d( 1993 : _cLos Tuxtlas, Veracruz, México) _9106217 |
| 245 | 1 | 0 |
_aMemoria _c/ |
| 260 |
_aMaine, Flo. ; _bMaine Agricultural and Forest Experiment Station, _c1995. |
||
| 300 |
_a188 p.: _bgráfs. ; mapas |
||
| 490 | 0 |
_aMiscellaneus publications _6; 727 |
|
| 590 |
_aBATCH-UPD _b10 _c20130109 _lUCH01 _h2315 |
||
| 590 |
_aBATCH-UPD _b10 _c20130110 _lUCH01 _h0822 |
||
| 590 |
_aBATCH-UPD _b10 _c20130410 _lUCH01 _h0459 |
||
| 590 |
_aBATCH-UPD _b10 _c20130914 _lUCH01 _h1818 |
||
| 590 |
_aCONVERSION _b10 _c20130109 _lUCH01 _h1348 |
||
| 650 | 1 | 4 |
_aMigración de aves. _975598 |
| 830 | 0 |
_aMiscellaneus publications _6; 727 _976170 |
|
| 901 | _aBK | ||
| 905 | _aMayto Villalobos S. | ||
| 942 | _cLIBRO | ||
| 949 |
_a598 S5 _bBC _cCONG _d33724000902581 _eCONG _h102641 _i97501 _sb |
||
| 999 |
_c85988 _d85988 |
||